00520nam a2200169Ia 4500003000900000008004100009020001800050040001600068080001400084100001800098245013100116260002800247300001400275650002300289650002200312700001600334IN-BaIIA211028s9999 xx 000 0 eng d a81-8046-029-0 cIIA Library a1:12bKOH aKothari, Manu 0aGaja's will: the dying declaration of mother EarthcManu Kothari and Lopa Mehta  aKolkattabAlchemyc2005 axv, 213p. aPhilosophy of mind aSpiritual science aMehta, Lopa